00521nam a22001577a 4500020001800000040000900018082001500027100003000042110003100072245004300103260003100146650005100177942001200228999001900240952010400259 a9781439837146 cNUST a621.3bGRO aGross Charless A.9124258 aRoppel Thaddeus A.9124259 aFundamentals of Electrical Engineering aLondon:bCRC Press,c2012. aFundamentals of Electrical Engineering9114093 2ddccBK c610166d610166 00102ddc4070aCEMEbCEMEcGENd2024-07-09l0o621.3 GROpCEME- 46722r2024-07-09w2024-07-09yBK